Focus 1 (Record no. 74396)

MARC details
000 -LEADER
fixed length control field 00564cab a2200229 4500
001 - CONTROL NUMBER
control field ##ABS67718
008 - FIXED-LENGTH DATA ELEMENTS--GENERAL INFORMATION
fixed length control field 040512n2004 000 0 eng u
035 ## - SYSTEM CONTROL NUMBER
System control number (Sirsi) u126176
041 0# - LANGUAGE CODE
Language code of text/sound track or separate title eng
245 00 - TITLE STATEMENT
Title Focus 1
Remainder of title mixed-use development
260 ## - PUBLICATION, DISTRIBUTION, ETC.
Date of publication, distribution, etc. 2004
490 #0 - SERIES STATEMENT
Series statement Estates Gazette
Volume/sequential designation (0415) 10 April 2004, 41-51(9)
590 ## - LOCAL NOTE (RLIN)
Local note ABS
651 #4 - SUBJECT ADDED ENTRY--GEOGRAPHIC NAME
Geographic name BRISTOL
651 #4 - SUBJECT ADDED ENTRY--GEOGRAPHIC NAME
Geographic name TEMPLE QUAY
651 #4 - SUBJECT ADDED ENTRY--GEOGRAPHIC NAME
Geographic name SEVEN SISTERS
651 #4 - SUBJECT ADDED ENTRY--GEOGRAPHIC NAME
Geographic name ELEPHANT AND CASTLE
651 #4 - SUBJECT ADDED ENTRY--GEOGRAPHIC NAME
Geographic name LONDON
651 #4 - SUBJECT ADDED ENTRY--GEOGRAPHIC NAME
Geographic name SWANSEA
690 ## - LOCAL SUBJECT ADDED ENTRY--TOPICAL TERM (OCLC, RLIN)
Topical term or geographic name as entry element PROPERTY-PROPERTY DEVELOPMENT
942 ## - ADDED ENTRY ELEMENTS (KOHA)
Suppress in OPAC 0
Holdings
Withdrawn status Lost status Source of classification or shelving scheme Damaged status Not for loan Home library Current library Shelving location Date acquired Total Checkouts Full call number Barcode Date last seen Copy number Price effective from Koha item type
    Dewey Decimal Classification     London London Journal article 12/05/2004   ABS67718 126176-1001 06/08/2019 1 06/08/2019 Journal article